000 01196pam a2200289 a 4500
999 _c329265
_d329265
001 615624
003 Nust
005 20170502120841.0
008 920625s1993 nyua b 001 0 eng
010 _a 92024078
020 _a0070323690
040 _aDLC
_cDLC
_dDLC
043 _an-us---
050 0 0 _aTD194.65
_b.E58 1993
082 0 0 _a333.714 JAI
_220
245 0 0 _aEnvironmental assessment /
_cR.K. Jain ... [et al.].
260 _aNew York :
_bMcGraw-Hill,
_cc1993.
300 _axiv, 526 p. :
_bill. ;
_c24 cm.
500 _aH.B
504 _aIncludes bibliographical references (p. 509-516) and index.
650 0 _aEnvironmental impact analysis
_zUnited States.
650 0 _aEnvironmental policy
_zUnited States.
700 1 _aJain, Ravi,
_d1935-
856 4 2 _3Contributor biographical information
_uhttp://www.loc.gov/catdir/enhancements/fy0602/92024078-b.html
856 4 1 _3Table of contents only
_uhttp://www.loc.gov/catdir/enhancements/fy0602/92024078-t.html
906 _a7
_bcbc
_corignew
_d1
_eocip
_f19
_gy-gencatlg
942 _2ddc
_cBK
_k333.714 JAI